Normal view MARC view

Entry Personal Name

Number of records used in: 1

001 - CONTROL NUMBER

  • control field: 556719

003 - CONTROL NUMBER IDENTIFIER

  • control field: OSt

005 - DATE AND TIME OF LATEST TRANSACTION

  • control field: 20220930094916.0

008 - FIXED-LENGTH DATA ELEMENTS

  • fixed length control field: 220930|| aca||aabn | a|a d

040 ## - CATALOGING SOURCE

  • Original cataloging agency: OSt
  • Transcribing agency: OSt

100 ## - HEADING--PERSONAL NAME

  • Personal name: दिल्ली विश्वविद्यालय. कला संकाय. हिन्दी

670 ## - SOURCE DATA FOUND

  • Source citation: Work cat.: (OSt)887928: मीना, राकेश कुमार, ले., उत्तर-औपनिवेशिक विमर्शों के संदर्भ में गार्सां द तासी, जॉर्ज अब्राहम ग्रियर्सन, एफ.ई.के. के मध्यकालीन चिंतन का पुनर्मूल्यांकन।, 2015
Copyright @ Delhi University Library System